000 00219nam a22000857a 4500
008 161116b xxu||||| |||| 00| 0 eng d
100 _91261
_aJafa. M
245 _aFlowers and I
260 _aNew delhi
_bNational book trust
_c2006
999 _c3964
_d3964